K tendenciám vývoja samozamestnávania

Definovanie samozamestnávania. Vývoj samozamestnanosti v krajinách EÚ. Podiel samozamestnaných na celkovej zamestnanosti. Vývoj samozamestnávania v transformujúcich sa krajinách. Vývoj samozamestnávania na Slovensku. Vývoj počtu živnostníkov na Slovensku. Štruktúra činností živnostníkov. Istota, res...

ver descrição completa

Na minha lista:
Detalhes bibliográficos
Autor principal: Košta, Ján
Formato: Capítulo de Livro
Idioma:eslovaco
Assuntos:
Tags: Adicionar Tag
Sem tags, seja o primeiro a adicionar uma tag!

MARC

LEADER 00000naa a2200000 4500
001 r022094
005 20230807094109.4
041 0 |a slo 
044 |a SK 
245 1 0 |a K tendenciám vývoja samozamestnávania  |c Ján Košta 
520 |a Definovanie samozamestnávania. Vývoj samozamestnanosti v krajinách EÚ. Podiel samozamestnaných na celkovej zamestnanosti. Vývoj samozamestnávania v transformujúcich sa krajinách. Vývoj samozamestnávania na Slovensku. Vývoj počtu živnostníkov na Slovensku. Štruktúra činností živnostníkov. Istota, resp. riziko samozamestnania a podnikania. 
610 2 0 |a pojmy 
610 2 0 |a samozamestnanosť 
610 2 0 |a zamestnanosť 
610 2 0 |a podnikatelia 
610 2 0 |a podnik malý 
610 2 0 |a živnosti 
610 2 0 |a údaje štatistické 
610 2 0 |a analýza štatistická 
610 2 0 |a porovnanie štatistické 
610 2 0 |a Európska únia 
610 2 0 |a Slovensko 
610 2 0 |a SVE 
610 2 0 |a 1994-1996 
100 1 |a Košta, Ján